01416naa a22003377a 4500001001000000003000900010005001700019007000300036008003400039040005400073041000900127072002000136090001800156100002100174100002100195245008400216260003700300500020300337650001300540650002800553650001600581650001000597650001800607650002500625650001000650773020000660909003600860942001400896999001900910952014900929BR7310872BR-BrBNA20240918173528.0ta230509b bl.||||| |||| 00| 0 por d aBR-BrBNAbporcBiblioteca Nacional de Agricultura a(Pt) aF00b1540bG514 aF00 BR73108721 aQueiroz, G.M. de1 aPinho, J.L.N. de1 aCompeticao de variedades de mandioca - Manihot esculenta Grantz [Ceara, Brasil]3 aFortaleza, CE (Brasil): c1973.  aConvenio SUDENE/UFC/SUDEC e UFC/BNDE-FUNDEPRO - 64 para melhoramento e experimentacao com culturas alimentares. Relatorio de Pesquisa 1973 Fortaleza, CE (Brasil): 1973. p. 100-105 (BR7310872-AM)F00  aMANDIOCA aCOMPETICAO DE VARIEDADE aESPACAMENTO aCHUVA aPRODUTIVIDADE aMELHORAMENTO VEGETAL aCEARA0 tConvenio SUDENE/UFC/SUDEC e UFC/BNDE-FUNDEPRO - 64 para melhoramento e experimentacao com culturas alimentares. Relatorio de Pesquisa 1973wF00 BR7310872gFortaleza, CE (Brasil), 1973. p. 100-105 a202404bLuciac55dLucia Elande cAM2AGRIS c305188d305188 002AGRIS40708Acervo Gerala41918b41918cAgrobasel0o1440 BR7310855r2024-05-20t01yAM10d2024-04-11ePortaria Interministerial nÂș 164/94